Statistiche per Le 20 città più pericolose al mondo nel 2021

Clicka qui per fare il quiz!

Statistiche generali

  • Questo quiz è stato fatto 56 volte
  • Il punteggio medio è 6 su 20

Statistiche sulle risposte

Pos.RispostaPti.% Corretto
19Città del Messico60.3
79%
3Caracas40.5
70%
20Bogotà60.8
68%
4Il Cairo43.7
53%
18Bangkok60.2
49%
17Quito58.5
36%
15Giacarta56.4
32%
14Johannesburg56.2
32%
5Lagos45
32%
10Manila52.5
32%
11Mumbai54.4
26%
2Karachi39.7
21%
6Casablanca48.2
17%
7Dhaka48.9
17%
8Baku48.9
11%
13New Delhi56.1
6%
1Yangon39.5
6%
12Riyadh55.1
2%
16Ho Chi MInh City58.5
0%
9Kuwait City49.4
0%

Distribuzione punteggi

Percentile per numero di risposta

Percentuale di utenti per punteggio

I tuoi punteggi nel tempo

Non hai fatto questo quiz